000 00790nam a22002175i 4500
001 168534
003 ES-MaACL
005 20250815110843.0
008 080417s1961 sp |||| | spa d
080 _a553(02)
100 1 _aMac Kinstry, Hugh Exton.
_9137615
245 1 0 _aGeología de minas /
_cHugh Exton Mac Kinstry ; con secciones a cargo de Stanley A. Tyler..., E.N. Pennebaker..., Kenyon E. Richard... [Traducción por Miguel Casanueva].
260 _aBarcelona :
_bOmega,
_c[1961]
300 _a671 p., III lám. :
_bil. ;
_c23 cm.
650 0 7 _aGeología
_2embne
_913086
700 1 _aTyler, Stanley A.
_9137616
700 1 _aPennebaker, E. N.
_9137617
700 1 _aCasanueva, Miguel.
_936140
852 _aES-MaACL
_jC-21896
_9R.50709
999 _c168534
_d168534